SASS RUGBY - Statistiques

Statistiques générales
  • Ce quiz a été pris 24 fois
    6 depuis la dernière actualisation
  • Le résultat moyen est 6 sur 15
Statistiques - réponses
Question Réponse % Correct
Quel est le nom du stade (la forteresse) où le SASS Rugby joue ses matchs à domicile ? Stade Louis Lafaurie
67%
En quelle année le club a été fondé ? 1905
50%
​En quelle année l'École de Rugby du SASS a-t-elle été créée ? 1950
50%
En quelle année la Gare,"Maison du Rugby" est inaugurée ? 2018
50%
Quel était son surnom ? Le crabe
50%
Quel a été le surnom de l'équipe ? Les Blacks de Chalosse
50%
Lors de la finale terroir 2025 contre Mimizan, quel était le score ? 61-19
33%
En 1958, le SASS Rugby a remporté une compétition nationale. Laquelle ? Challenge de l'Éspérance
33%
Quel est le nom de l'entité qui a précédé la création du SASS Rugby en 1905 ? Le Véloce Club Saint-Séverin
33%
​Quel joueur formé au SASS Rugby a également été capitaine du XV de France et président de la FFR ? René Crabos
33%
Quel joueur du SASS Rugby a été sélectionné en équipe de France en 1960, devenant ainsi le seul joueur du club à obtenir cette distinction ? Roger Brèthes
33%
En quelle année le SASS Rugby a-t-il été sacré champion de France de 3e division "Promotion" ? 1926
17%
Quel match de finale, pour devenir champion de France de 2e division, le SASS a-t-il perdu, et contre quelle équipe ? 1990-1991, contre Fleury d'Aude
17%
Sur quel terrain le SASS a joué son premier match en 1905 ? Terrain du Barbat
17%
Contre qui était ce match ? Viella
17%
Aucun quiz correspondant
Distribution des résultats
% des personnes avec chaque résultat
Percentile par nombre de réponses
Votre historique - résultats
Vous n’avez pas pris ce quiz depuis la dernière actualisation